Loading...
| History - Other History | 0 | 4 | 0 | 1 | 40 | 77 | 98.75 | 0 | 1 |
| Fine Arts - Visual Fine Arts | 0 | 3 | 1 | 0 | 25 | 78 | 97.33 | 1 | 2 |
| History - European History | 0 | 4 | 3 | 0 | 25 | 88 | 99.75 | 1 | 4 |
| History - World History | 0 | 2 | 0 | 0 | 20 | 83 | 86.50 | 0 | 1 |
| Mythology | 0 | 2 | 0 | 1 | 20 | 137 | 142.50 | 0 | 1 |
| Literature - American Literature | 0 | 2 | 0 | 1 | 20 | 142 | 145.50 | 0 | 1 |
| Fine Arts - Other Fine Arts | 0 | 2 | 0 | 0 | 20 | 85 | 101.50 | 0 | 2 |
| Philosophy | 0 | 2 | 0 | 1 | 20 | 126 | 133.00 | 0 | 0 |
| Fine Arts - Classical Music | 0 | 1 | 0 | 0 | 10 | 136 | 136.00 | 0 | 1 |
| History - American History | 0 | 1 | 1 | 0 | 5 | 118 | 118.00 | 0 | 0 |
| Religion | 0 | 1 | 1 | 0 | 5 | 91 | 91.00 | 0 | 1 |
| Literature - British Literature | 0 | 0 | 0 | 0 | 0 | 0.00 | 0 | 0 | |
| Social Science | 0 | 0 | 1 | 0 | -5 | 0.00 | 0 | 0 |